Trenerzy ŁKS Łódź - nagła śmierć - Statystyki

Ogólne statystyki
  • Ten quiz został rozwiązany 29 razy
  • Średni wynik to 5 z 15
Answers on the Grid
Answers color-coded by a green-red scale on the quiz's grid according to % correct below.
Jacek Magiera
Ireneusz Mamrot
Jacek Zieliński
Adam Nawałka
Marcin Pogorzala
Kazimierz Moskal
Waldemar Fornalik
Wojciech Stawowy
Orest Lenczyk
Wlodzimierz Gasior
Piotr Tworek
Michal Probierz
Andrzej Pyrdol
Franciszek Smuda
Rafał Górak
Ryszard Tarasiewicz
Mateusz Stolarski
Piotr Swierczewski
Wojciech Łobodziński
Maciej Kędziorek
Szymon Grabowski
Leszek Ojrzyński
Marek Chojnacki
Ariel Galeano
Kamil Kuzera
Jakub Dziolka
Henryk Kasperczak
Marcin Matysiak
Grzegorz Szoka
Stefan Majewski
 
Statystyki odpowiedzi
Odpowiedź % Poprawnych
Ireneusz Mamrot
67%
Kazimierz Moskal
50%
Wojciech Stawowy
50%
Andrzej Pyrdol
44%
Szymon Grabowski
39%
Ariel Galeano
33%
Grzegorz Szoka
33%
Jakub Dziolka
33%
Marcin Pogorzala
33%
Marek Chojnacki
33%
Marcin Matysiak
28%
Michal Probierz
28%
Ryszard Tarasiewicz
28%
Piotr Swierczewski
17%
Wlodzimierz Gasior
11%
Nie znaleziono quizów pasujących do podanych kryteriów
Rozkład punktacji
Procent ludzi z każdym wynikiem
Percentyl według liczby udzielonych odpowiedzi
Twoja historia wyników
Nie rozwiązałeś tego quizu